| 000 -LEADER | |
|---|---|
| fixed length control field | 00411nam a22001577a 4500 |
| 005 - DATE AND TIME OF LATEST TRANSACTION | |
| control field | 20240108152907.0 |
| 008 - FIXED-LENGTH DATA ELEMENTS--GENERAL INFORMATION | |
| fixed length control field | 190528b xxu||||| |||| 00| 0 eng d |
| 020 ## - INTERNATIONAL STANDARD BOOK NUMBER | |
| ISBN | 978-93-80064-68-0 |
| 041 ## - LANGUAGE CODE | |
| Language code of text/sound track or separate title | eng |
| 100 ## - MAIN ENTRY--AUTHOR NAME | |
| Personal name | VYAWAHARE, DR, N. S. AND ITKAR SACHIN C. |
| 245 ## - TITLE STATEMENT | |
| Title | DRUG, REGULATORY AFFAIRS |
| 250 ## - EDITION STATEMENT | |
| Edition statement | 4th , Ed. 2019. |
| 260 ## - PUBLICATION, DISTRIBUTION, ETC. (IMPRINT) | |
| Place of publication | PUNE |
| Name of publisher | NIRALI PRAKASHAN |
| 300 ## - PHYSICAL DESCRIPTION | |
| Number of Pages | 14.40 p, |
| 942 ## - ADDED ENTRY ELEMENTS (KOHA) | |
| Koha item type | Books |
| Lost status | Damaged status | Collection code | Home library | Current library | Shelving location | Date acquired | Source of acquisition | Cost, normal purchase price | Accession Number | Koha item type | Full call number |
|---|---|---|---|---|---|---|---|---|---|---|---|
| Reference | JRU Library | JRU Library | SHELF-3-B | 28/05/2019 | PURCHESS | 275.00 | 22803 | Books | |||
| PHARMACY | JRU Library | JRU Library | SHELF-19-B | 28/05/2019 | PURCHESS | 275.00 | 22804 | Books | 615.107 | ||
| PHARMACY | JRU Library | JRU Library | SHELF-19-B | 28/05/2019 | PURCHESS | 275.00 | 22805 | Books | 615.107 | ||
| PHARMACY | JRU Library | JRU Library | SHELF-19-B | 03/11/2023 | PURCHASE [LBI000224/29-10-2023] | 390.00 | 28094 | Books | 615.107 | ||
| PHARMACY | JRU Library | JRU Library | SHELF-19-B | 03/11/2023 | PURCHASE [LBI000224/29-10-2023] | 390.00 | 28095 | Books | 615.107 | ||
| PHARMACY | JRU Library | JRU Library | SHELF-19-B | 03/11/2023 | PURCHASE [LBI000224/29-10-2023] | 390.00 | 28096 | Books | 615.107 | ||
| PHARMACY | JRU Library | JRU Library | SHELF-19-B | 03/11/2023 | PURCHASE [LBI000224/29-10-2023] | 390.00 | 28097 | Books | 615.107 | ||
| PHARMACY | JRU Library | JRU Library | SHELF-19-B | 03/11/2023 | PURCHASE [LBI000224/29-10-2023] | 390.00 | 28098 | Books | 615.107 |